Loading...
| Science - Physics | 0 | 7 | 2 | 2 | 60 | 56 | 82.14 | 1 | 5 | 20.65 | 35.76 |
| Science - Biology | 0 | 5 | 2 | 0 | 40 | 60 | 75.60 | 0 | 5 | 14.50 | 30.30 |
| Science - Chemistry | 0 | 4 | 2 | 0 | 30 | 56 | 88.75 | 0 | 4 | 8.33 | 24.24 |
| Social Science | 0 | 1 | 0 | 0 | 10 | 93 | 93.00 | 0 | 1 | 1.61 | 6.06 |
| History - European | 0 | 1 | 0 | 0 | 10 | 68 | 68.00 | 0 | 1 | 4.07 | 4.55 |
| Science - Other | 0 | 2 | 2 | 0 | 10 | 56 | 63.50 | 0 | 2 | 8.66 | 13.64 |
| Fine Arts - Classical Music | 0 | 1 | 0 | 0 | 10 | 110 | 110.00 | 0 | 0 | 1.09 | 4.55 |
| Philosophy | 0 | 0 | 0 | 0 | 0 | 0.00 | 0 | 0 | 0.00 | 0.00 | |
| Mythology | 0 | 0 | 0 | 0 | 0 | 0.00 | 0 | 0 | 0.00 | 0.00 | |
| History - Other | 0 | 0 | 1 | 0 | -5 | 0.00 | 0 | 0 | 0.00 | 0.00 |